Tim Burton’s Favourite Actors - Statistics

General Stats
  • This quiz has been taken 21 times
  • The average score is 7 of 20
Answer Stats
Number of Movies Actor % Correct
8 Johnny Depp
100%
7 Helena Bonham Carter
90%
3 Winona Ryder
70%
5 Michael Keaton
60%
2 Jack Nicholson
50%
5 Christopher Lee
45%
2 Michelle Pfeiffer
45%
5 Danny DeVito
40%
3 Catherine O’Hara
35%
3 Eva Green
35%
2 Martin Short
20%
5 Michael Gough
20%
3 O-Lan Jones
20%
3 Jeffrey Jones
15%
2 Alan Arkin
10%
2 Albert Finney
10%
3 Martin Landau
10%
4 Deep Roy
0%
2 Jan Hooks
0%
4 Lisa Marie
0%
No matching quizzes found
Score Distribution
Percent of People with Each Score
Percentile by Number Answered
Your Score History
You have not taken this quiz